| 000 | 00926nas a2200265 4500 | ||
|---|---|---|---|
| 001 | BR8600490 | ||
| 003 | BR-BrBNA | ||
| 005 | 20231205090326.0 | ||
| 007 | ta | ||
| 008 | 230509b bl.|||p| |||| 00| 00por d | ||
| 040 |
_aBR-BrBNA _bpor _cBiblioteca Nacional de Agricultura |
||
| 041 | _a(Pt) | ||
| 072 | _aL73 | ||
| 100 | 1 | _aSantos, J.L. dos | |
| 100 | 1 | _aReis, R. | |
| 100 | 1 | _aFaria, J.E. de | |
| 100 | 1 | _aRibeiro, M.F.B. | |
| 245 | 1 | _aAvaliacao de uma bacterina na prevencao da rinite atrofica, 3: reducao de sintomas clinicos e ganho de peso | |
| 246 | 1 | _aEvaluation of a bacterin against swine atrophic rhinitis - 3. Clinical signs and weight gain | |
| 650 | _aSUÍNO | ||
| 650 | _aRINITE ATROFICA | ||
| 773 | 0 |
_tArquivo Brasileiro de Medicina Veterinaria e Zootecnia (Brazil) _xISSN 0102-0935 _g(Dec 1984), v. 36(6) p. 667-677 _wBR8600490 |
|
| 909 |
_a202311 _bLúcia _c55 _dLúcia Elande |
||
| 942 |
_2AGRIS _n0 _cANA |
||
| 999 |
_c117627 _d117627 |
||